000 00819cab a2200229 4500
001 WB3425-55
008 090401t1998 xxu||||| |||| 00| 0 eng d
035 _a(Sirsi) u87123
041 _aeng
245 _aSports pitch plans on hold
260 _c1998
350 _a0
490 _aPlanning (for the Natural and Built Environment)
_v(1274) 26 June 1998, 1(1)
520 _aPlanning authorities have been told to defer difficult decisions on applications to develop sports grounds until new procedures are in place, in order to ensure such applications are referred to the secretary of state.
650 _aDEVELOPMENT PLANS
650 _aENGLISH SPORTS COUNCIL
650 _aPLANNING APPLICATIONS
650 _aSPORTS GROUNDS
690 _aPLANNING LAW AND PRACTICE
942 _n0
948 _c01/07/1998
999 _c54913
_d54913